| 000 | 00498nam a2200181Ia 4500 | ||
|---|---|---|---|
| 005 | 20250326143459.0 | ||
| 008 | 250326s9999 xx 000 0 und d | ||
| 037 | _aTextbook | ||
| 040 |
_aFMSL _beng _cFMSL |
||
| 041 |
_aeng _2eng |
||
| 084 |
_aSNIObX:8 P5 _qFMSL |
||
| 100 | _aBhatia R C | ||
| 245 | 0 |
_aBusiness organisation and management _cBhatia R C |
|
| 260 |
_aNew Delhi _bNew Delhi, Ane _c2005 |
||
| 300 | _a423p | ||
| 942 |
_cTB _hSNIObX:8 P5 |
||
| 999 |
_c1299742 _d1299742 |
||